000 01809nam0a2200385 4500
001 RU\NLR\bibl\1748788
005 20260408081348.0
010 _a978-5-94035-420-8
_9100
021 _aRU
_b2011-12640
_9901
035 _a(nilc)RSL-KNO-004898041
035 _a(NLR Aleph) 001739659
090 _a1451294
_c1451294
100 _a20110228d2010 |||y0rusy50 ca
101 0 _arus
_aeng
102 _aRU
105 _aa |||||||||
200 1 _aЭкономика: теория, методология, практика и междисциплинарные связи
_eсборник научных статей
_fБалаш. ин-т (фил.), ГОУ ВПО "Сарат. гос. ун-т им. Н.Г. Чернышевского"
_gпод общ. ред. Ю.В. Талагаева
210 _aБалашов
_cИП "Николаев"
_d2010
215 _a166, [1] с.
_cил.
_d21
300 _aЧасть текста на англ. яз.
320 _aБиблиогр. в конце ст.
606 1 _aЭкономика
_jСборники
_xТеория
_91565397
_3RU\NLR\auth\66985247
606 1 _aЭкономика
_jСборники
_91414491
_3RU\NLR\auth\66284709
686 _aУ.я43
_2rubbk
686 _aУ010я43
686 _aУ.я43
702 1 _aТалагаев
_bЮ. В.
_gЮрий Викторович
_4340
712 0 2 _4570
_aСаратовский государственный университет им. Н. Г. Чернышевского
_bБалашовский институт (филиал)
_9742529
_3RU\NLR\AUTH\8810122247
801 0 _aRU
_bRuMoRKP
_c20110228
_grcr
801 1 _aRU
_bRuMoRGB
_c20110228
801 2 _aRU
_bNLR
_c20110321
_grcr
830 _aРед. по ЭК.
942 _cBOOK
980 _aNB